000 00326nam a2200133Ia 4500
008 210210b1970 xxu||||| |||| 00| 0 eng d
082 _a302 BROS
100 _aBROWN (Roger).
245 _aSocial psychology.
260 _aLondon
_bMacmillan & Co. Ltd.
_c1970
300 _a785
690 _aSocial Psychology
906 _a029480
999 _c80695
_d80695